Visualizzazione normale
Vista MARC
- Clero
di Topical Term
Records bibliografici associati: 1
001 - CONTROL NUMBER
- control field: 70472
003 - CONTROL NUMBER IDENTIFIER
- control field: IT-RoINE
005 - DATE AND TIME OF LATEST TRANSACTION
- control field: 20210330080243.0
008 - FIXED-LENGTH DATA ELEMENTS
- fixed length control field: 210330|| aca||aabn | a|a d
040 ## - CATALOGING SOURCE
- Original cataloging agency: IT-RoINE
- Transcribing agency: IT-RoINE
150 ## - HEADING--TOPICAL TERM
- Topical term or geographic name as entry element: Clero
- General subdivision: Conducta sexual
- Geographic subdivision: España
670 ## - SOURCE DATA FOUND
- Source citation: Work cat.: (IT-RoINE)0: Vázquez García, Francisco, 37715 1961-, Pater infamis :, [2020]